00547nam a2200097Ia 45000010005000000080041000050820017000461000074000632450295001372600017004323600241024s9999 xx 000 0 und d a372.72/C778c aCoordinación Educativa y Cultural Centroamericana, CECC/SICA/UNICEF 0aCompletar la escuela en Centroamérica. Los desafíos pendientes, resumen ejecutivo. (Informe analítico basado en la información de los años 2010/2011 de la Serie Regional de Indicadores Educativos sobre Fracaso Escolar de la Coordinación Educativa y Cultural Centroamericana CECC bBelisec2013